000 00504nam a22001817a 4500
005 20260310151452.0
008 260310s1980 ck |||gr|||| 000 f spa d
020 _a84-226-1122-8
040 _aEC-QuCCB
082 _a863
_bV3932
100 1 _aVázquez-Figueroa, Alberto,
_d1936-
_944307
245 1 0 _aManaos
_cAlberto Vázquez Figueroa
260 _aBogotá, Colombia :
_bCírculo de Lectores,
_c1980
300 _a198 páginas ;
_c20 cm
590 _ajcc
650 4 _aNovela española
942 _cBK
999 _c83636
_d83636